000 00641nam a22002177a 4500
003 UA-OsUOA
001 47728
007 ta
008 20120820b un ||||| |||| 00| 0 ukr d
090 _a94(477).152 США
942 _cBR
040 _aUA-OsUOA
_beng
_cUA-OsUOA
_dUA-OsUOA
245 _aThe Washington Group: Membership Directory 2001/2002
300 _a59 p.
955 _a4
041 _aeng
080 _a94(477).152 США
650 7 _a9 Географія. Біографії. Історія
_2UDC
999 _c427812
_d427812